| 000 | 00605nam a22001697a 4500 | ||
|---|---|---|---|
| 005 | 20251127142006.0 | ||
| 008 | 250620b |||||||| |||| 00| 0 eng d | ||
| 020 | _a978-93-82730-54-5 | ||
| 041 | _ahindi | ||
| 082 |
_a294.536 _bDESA |
||
| 100 | _aBapurao Desai | ||
| 245 | _aAntarrastreeya Kumbh Mela Tatha Himachal Darshan/Bapu Rao Desai | ||
| 260 |
_aKanpur: _bGarima Prakashan, _c2018 |
||
| 300 | _a183p. | ||
| 880 |
_6245 _aअन्तर्राष्ट्रीय कुम्भ मेला तथा हिमाचल दर्शन/बापू राव देसाई |
||
| 942 | _cBK | ||
| 999 |
_c27847 _d27847 |
||